[Event "Moscow Open 2007"]
[Site "Moscow"]
[Date "2007.02.03"]
[Round "8"]
[White "Isaev, Yuri"]
[Black "Loginov, Anton"]
[Result "1-0"]
[WhiteElo "2343"]
[BlackElo "2243"]
[PlyCount "41"]
[EventDate "2007.??.??"]

1. Nf3 d5 2. b3 c5 3. e3 Nc6 4. Bb5 Qc7 5. Bb2 f6 6. d4 Qa5+ 7. Nc3 cxd4 8.
Nxd4 Bd7 9. Qh5+ g6 10. Qxd5 Qc7 11. O-O-O Qc8 12. f4 e6 13. Qc4 Nge7 14. Nxc6
bxc6 15. Ba6 Qd8 16. Bb7 Rb8 17. Ne4 Nd5 18. Bxc6 Rc8 19. Bxd7+ Qxd7 20. Qxd5
Qxd5 21. Nxf6+ 1-0

[Event "Moscow Open 2007"]
[Site "Moscow"]
[Date "2007.02.03"]
[Round "8"]
[White "Semenova, Irina"]
[Black "Vasilkova, Svetlana"]
[Result "0-1"]
[WhiteElo "2218"]
[BlackElo "2336"]
[PlyCount "74"]
[EventDate "2007.??.??"]

1. e4 c5 2. Nf3 d6 3. d4 cxd4 4. Nxd4 Nf6 5. Nc3 Nc6 6. Bg5 Qb6 7. Nb3 e6 8.
Qd2 a6 9. O-O-O Be7 10. f4 O-O 11. Be2 Rd8 12. Bf3 Qc7 13. Qe1 Bd7 14. g4 b5
15. Bh4 b4 16. Ne2 Rdc8 17. Rd2 d5 18. exd5 Nxd5 19. Bxd5 exd5 20. Bxe7 Nxe7
21. Qg3 a5 22. Kb1 d4 23. Nbxd4 Nd5 24. Rc1 Rab8 25. Ka1 a4 26. f5 Qa5 27. Rd3
Ra8 28. a3 bxa3 29. Rxa3 Qb6 30. Qd3 Rab8 31. Rb1 Qc5 32. Qd2 Rb7 33. Rd3 Rcb8
34. Nf3 Nb6 35. Rc3 Qe7 36. Nf4 Nc4 37. Rxc4 Qa3+ 0-1

[Event "Moscow Open 2007"]
[Site "Moscow"]
[Date "2007.02.03"]
[Round "8"]
[White "Lelekova, Olga"]
[Black "Kruchev, Boris"]
[Result "1-0"]
[WhiteElo "2184"]
[BlackElo "2328"]
[PlyCount "81"]
[EventDate "2007.??.??"]

1. e4 e5 2. Nf3 Nc6 3. Bb5 a6 4. Ba4 Nf6 5. O-O Be7 6. Re1 b5 7. Bb3 d6 8. c3
O-O 9. h3 Bb7 10. d4 Re8 11. Nbd2 Bf8 12. d5 Nb8 13. Nf1 Nbd7 14. Ng3 Nc5 15.
Bc2 c6 16. dxc6 Bxc6 17. b4 Ncd7 18. Bb3 h6 19. Nh4 Nb6 20. Ng6 d5 21. Nxf8
Kxf8 22. Be3 Nc4 23. Bc5+ Kg8 24. Bxc4 bxc4 25. Qe2 Qd7 26. Rad1 Qe6 27. exd5
Bxd5 28. Nh5 Ne4 29. Rxd5 Qxd5 30. Qxe4 Qe6 31. Qh4 Rad8 32. f4 Qg6 33. Rxe5
Rd1+ 34. Kh2 Rxe5 35. fxe5 Qb1 36. Ng3 Qxa2 37. Qg4 Qb1 38. Qxc4 Re1 39. Bd4 g6
40. Qc8+ Kh7 41. e6 1-0

[Event "Moscow Open 2007"]
[Site "Moscow"]
[Date "2007.02.03"]
[Round "8"]
[White "Prokopchuk, Yury"]
[Black "Charochkina, Daria"]
[Result "1/2-1/2"]
[WhiteElo "2316"]
[BlackElo "2235"]
[PlyCount "109"]
[EventDate "2007.??.??"]

1. d4 d5 2. Bg5 c5 3. dxc5 Nc6 4. c3 h6 5. Bh4 g5 6. Bg3 e5 7. b4 f5 8. b5 f4
9. bxc6 fxg3 10. hxg3 bxc6 11. e4 Nf6 12. exd5 Bxc5 13. Qc2 Qxd5 14. Qg6+ Qf7
15. Qxf7+ Kxf7 16. Nf3 Kg7 17. Nbd2 Bf5 18. Bc4 Rad8 19. O-O Rhe8 20. Rae1 Bb6
21. Nb3 Ne4 22. g4 Bg6 23. Rc1 Rf8 24. Ba6 Nxf2 25. Rxf2 Bxf2+ 26. Kxf2 e4 27.
Nc5 Rd6 28. Re1 exf3 29. Ne6+ Rxe6 30. Rxe6 fxg2+ 31. Kxg2 Rf4 32. Be2 Ra4 33.
Kg3 Rxa2 34. Bf3 Rd2 35. Rxc6 Rd3 36. Rc7+ Kf6 37. Kf2 Ke5 38. Be2 Rh3 39. Rxa7
Kf4 40. c4 Rh2+ 41. Ke1 Ke3 42. Ra3+ Kd4 43. Kd2 Bf7 44. Rd3+ Kc5 45. Rc3 Be6
46. Ke3 Rh4 47. Rc1 Bxg4 48. Bxg4 Rxg4 49. Rh1 Kxc4 50. Rxh6 Kd5 51. Kf3 Rg1
52. Kf2 Rg4 53. Kf3 Rf4+ 54. Kg3 Ke4 55. Rh8 1/2-1/2

[Event "Moscow Open 2007"]
[Site "Moscow"]
[Date "2007.02.03"]
[Round "8"]
[White "Grigoriadis, Alexandros"]
[Black "Kharmunova, Nadejda"]
[Result "1-0"]
[WhiteElo "2304"]
[BlackElo "2198"]
[PlyCount "67"]
[EventDate "2007.??.??"]

1. Nf3 c5 2. c4 Nc6 3. Nc3 g6 4. d4 cxd4 5. Nxd4 Bg7 6. Nb3 Nf6 7. e4 O-O 8.
Be2 b6 9. Be3 d6 10. O-O Bb7 11. f3 Rc8 12. Rc1 Ne5 13. Nd5 Ba6 14. Nd2 Nc6 15.
Qa4 Bb7 16. Rfd1 Nd7 17. b4 Nd4 18. Bf1 b5 19. Qa3 bxc4 20. Nxc4 Nb5 21. Qb3 e6
22. Nf4 g5 23. Nh5 d5 24. Nxg7 dxc4 25. Bxc4 Kxg7 26. Bxb5 Rxc1 27. Rxc1 a6 28.
Qc3+ f6 29. Ba4 Ne5 30. Bxg5 Qd3 31. Qxd3 Nxd3 32. Rc7+ Rf7 33. Bh6+ Kg8 34.
Bd7 1-0

[Event "Moscow Open 2007"]
[Site "Moscow"]
[Date "2007.02.03"]
[Round "8"]
[White "Zakurdjaeva, Irina"]
[Black "Babushkin, Eduard"]
[Result "1-0"]
[WhiteElo "2296"]
[BlackElo "2170"]
[PlyCount "81"]
[EventDate "2007.??.??"]

1. e4 c5 2. Nf3 e6 3. d4 cxd4 4. Nxd4 a6 5. Bd3 Qc7 6. Qe2 Bd6 7. Be3 Nc6 8.
Nd2 Nf6 9. Nc4 Bb4+ 10. c3 b5 11. Nd2 Be7 12. f4 d6 13. O-O e5 14. Nxc6 Qxc6
15. a4 Bg4 16. Qe1 Rd8 17. axb5 axb5 18. Ra5 Rb8 19. fxe5 dxe5 20. Qg3 Be6 21.
Qxe5 O-O 22. Bd4 Bd6 23. Qg5 h6 24. Qh4 Ng4 25. Nf3 Bf4 26. Kh1 Rfd8 27. Rxb5
g5 28. Rxb8 Rxb8 29. Qh5 Rxb2 30. h3 Bc4 31. Bxc4 Qxc4 32. Ra1 Nf2+ 33. Kg1
Nxh3+ 34. Qxh3 Qe2 35. Qc8+ Kh7 36. Qf5+ Kg8 37. Qc8+ Kh7 38. Qh8+ Kg6 39. Qf6+
Kh5 40. Qxf7+ Kg4 41. Qf5+ 1-0

[Event "Moscow Open 2007"]
[Site "Moscow"]
[Date "2007.02.03"]
[Round "8"]
[White "Romashko, Andrei"]
[Black "Belous, Vladimir"]
[Result "1/2-1/2"]
[WhiteElo "2177"]
[BlackElo "2289"]
[PlyCount "82"]
[EventDate "2007.??.??"]

1. e4 c5 2. Nf3 Nc6 3. d4 cxd4 4. Nxd4 e5 5. Nb5 d6 6. N1c3 a6 7. Na3 b5 8. Nd5
Nge7 9. c4 Nxd5 10. exd5 Nd4 11. Bd3 g6 12. Be3 Nf5 13. O-O Nxe3 14. fxe3 Bh6
15. e4 O-O 16. cxb5 f5 17. Kh1 fxe4 18. Rxf8+ Bxf8 19. Bxe4 Qb6 20. Qf3 Bg7 21.
Rf1 Kh8 22. Qd3 Qc5 23. Qc4 axb5 24. Qxc5 dxc5 25. d6 Rb8 26. Rf7 Bf5 27. Bc6
b4 28. Nb5 Rd8 29. d7 Bf8 30. Nc7 c4 31. Ne8 Bc5 32. Nf6 g5 33. Ne4 Bg6 34.
Nxc5 Bxf7 35. Nb7 c3 36. bxc3 bxc3 37. Nxd8 c2 38. Nxf7+ Kg7 39. h3 c1=Q+ 40.
Kh2 Qf4+ 41. Kh1 Qf1+ 1/2-1/2

[Event "Moscow Open 2007"]
[Site "Moscow"]
[Date "2007.02.03"]
[Round "8"]
[White "Savina, Anastasia"]
[Black "Shamugia, Shavleg"]
[Result "1-0"]
[WhiteElo "2153"]
[BlackElo "2277"]
[PlyCount "81"]
[EventDate "2007.??.??"]

1. d4 Nf6 2. c4 g6 3. Nc3 Bg7 4. e4 d6 5. Nf3 O-O 6. Be2 e5 7. O-O Nc6 8. d5
Ne7 9. b4 Nh5 10. Re1 f5 11. Ng5 Nf6 12. Bf3 c6 13. Be3 cxd5 14. cxd5 f4 15.
Bd2 Kh8 16. b5 h5 17. Rc1 Bh6 18. Ne6 Bxe6 19. dxe6 Ne8 20. Nd5 Ng7 21. Bb4
Nxe6 22. Nxe7 Qxe7 23. Bxd6 Qf6 24. Qd5 Bg7 25. Bxf8 Rxf8 26. Qxb7 Rf7 27. Rc8+
Rf8 28. Qa6 Qf7 29. Rc6 Re8 30. Be2 Qe7 31. Bc4 Qb4 32. Rc1 Nf8 33. Rxg6 Rd8
34. Rh6+ Bxh6 35. Qf6+ Kh7 36. Qxd8 f3 37. Qc7+ Bg7 38. Qf7 fxg2 39. Qxh5+ Bh6
40. Qf7+ Bg7 41. Qf5+ 1-0

[Event "Moscow Open 2007"]
[Site "Moscow"]
[Date "2007.02.03"]
[Round "8"]
[White "Arslanov, Shamil"]
[Black "Kremenietsky, Anatoly M"]
[Result "1-0"]
[WhiteElo "2192"]
[BlackElo "2389"]
[PlyCount "59"]
[EventDate "2007.??.??"]

1. e4 c5 2. d4 cxd4 3. c3 d3 4. Bxd3 Nc6 5. c4 g6 6. Nc3 Bg7 7. Be3 Nf6 8. f3
d6 9. Nge2 O-O 10. O-O Ne5 11. Rc1 a6 12. Nf4 Nxd3 13. Qxd3 Nd7 14. b3 Nc5 15.
Qd2 a5 16. Rfd1 b6 17. Nfd5 Re8 18. Na4 Nxa4 19. bxa4 Ra6 20. Rb1 Qd7 21. Nxb6
Qc6 22. Qd5 Bb7 23. Qb5 Rd8 24. Nd5 Rd7 25. Nb6 Rd8 26. c5 Bf8 27. Nd5 Bc8 28.
cxd6 Rxd6 29. Rd4 Qd7 30. Nb6 1-0

[Event "Moscow Open 2007"]
[Site "Moscow"]
[Date "2007.02.03"]
[Round "8"]
[White "Konenkin, Dmitry"]
[Black "Pasalic, Kharun"]
[Result "0-1"]
[WhiteElo "2319"]
[BlackElo "2197"]
[PlyCount "44"]
[EventDate "2007.??.??"]

1. d4 c5 2. Nc3 cxd4 3. Qxd4 Nc6 4. Qh4 Qb6 5. e4 Nf6 6. Bb5 e6 7. Bg5 Nd4 8.
Be3 Nxc2+ 9. Kd2 Nxe3 10. fxe3 a6 11. g4 axb5 12. g5 b4 13. Nce2 Ng8 14. Nf3
Bc5 15. Ne5 Bxe3+ 16. Ke1 b3 17. Nc3 Bd4 18. Nc4 Qb4 19. g6 fxg6 20. e5 Qxc4
21. Ne4 Qb4+ 22. Kd1 Bc5 0-1

[Event "Moscow Open 2007"]
[Site "Moscow"]
[Date "2007.02.03"]
[Round "8"]
[White "Stukopin, Andrey"]
[Black "Vladimirov, Ivan"]
[Result "1/2-1/2"]
[WhiteElo "2307"]
[BlackElo "2191"]
[PlyCount "92"]
[EventDate "2007.??.??"]

1. e4 c5 2. Nc3 Nc6 3. g3 g6 4. Bg2 Bg7 5. d3 d6 6. Be3 e6 7. Qd2 Nd4 8. Nd1
Ne7 9. c3 Ndc6 10. Ne2 O-O 11. Bh6 f5 12. Bxg7 Kxg7 13. h4 h6 14. Ne3 Rb8 15.
exf5 Nxf5 16. O-O e5 17. d4 cxd4 18. Nxf5+ gxf5 19. cxd4 f4 20. Qc3 Qf6 21.
dxe5 dxe5 22. Be4 Bg4 23. Rfe1 fxg3 24. fxg3 Qf2+ 25. Kh1 Rbe8 26. Nf4 Rxf4 27.
gxf4 Qxh4+ 28. Kg2 Rd8 29. Bxc6 Bh3+ 30. Kg1 bxc6 31. Qxe5+ Kg8 32. Qe4 Kh8 33.
Qe5+ Kg8 34. Re2 Rd7 35. Qe8+ Kh7 36. Rg2 Rg7 37. Qe4+ Kh8 38. Rxg7 Kxg7 39.
Re1 Be6 40. Qe5+ Kh7 41. Qxe6 Qg3+ 42. Kh1 Qf3+ 43. Kh2 Qf2+ 44. Kh3 Qf3+ 45.
Kh4 Qxf4+ 46. Qg4 Qh2+ 1/2-1/2

[Event "Moscow Open 2007"]
[Site "Moscow"]
[Date "2007.02.03"]
[Round "8"]
[White "Viliavin, Roman"]
[Black "Venevtsev, Andrey"]
[Result "1/2-1/2"]
[WhiteElo "2263"]
[BlackElo "2181"]
[PlyCount "95"]
[EventDate "2007.??.??"]

1. e4 e6 2. d4 d5 3. Nc3 Nf6 4. e5 Nfd7 5. f4 c5 6. Nf3 Nc6 7. Be3 a6 8. Qd2 b5
9. Be2 Be7 10. O-O O-O 11. dxc5 Bxc5 12. Bxc5 Nxc5 13. Nd4 Qb6 14. Rad1 b4 15.
Nb1 a5 16. Kh1 Ne4 17. Qe3 Ba6 18. Rfe1 Rfc8 19. Bf3 Nxd4 20. Rxd4 Rxc2 21.
Rxe4 Qxe3 22. R4xe3 Rxb2 23. a3 Rc8 24. axb4 axb4 25. Rd1 Rcc2 26. h4 g6 27.
Ree1 Ra2 28. h5 Kg7 29. Kh2 Bc4 30. Kg3 b3 31. Rh1 gxh5 32. f5 exf5 33. Kf4 b2
34. Kxf5 Ra1 35. Kg5 Ba2 36. g3 Bxb1 37. Rxb1 Rc1 38. Rxb2 Rxh1 39. Bxh1 Rxh1
40. Rd2 h6+ 41. Kf4 h4 42. gxh4 Rxh4+ 43. Kg3 Rh5 44. Rxd5 Rf5 45. Kg4 Rf1 46.
Rd6 Re1 47. Kf5 Re2 48. Ra6 1/2-1/2

[Event "Moscow Open 2007"]
[Site "Moscow"]
[Date "2007.02.03"]
[Round "8"]
[White "Fomin, Andrey"]
[Black "Ezhikov, Vitaly"]
[Result "1-0"]
[WhiteElo "2258"]
[BlackElo "2131"]
[PlyCount "73"]
[EventDate "2007.??.??"]

1. e4 c6 2. d4 d5 3. e5 Bf5 4. Nf3 e6 5. Be2 c5 6. Be3 Qb6 7. Nc3 Nc6 8. O-O
Qxb2 9. Nb5 Rc8 10. dxc5 Qxc2 11. Qe1 Bd3 12. Nfd4 Nxd4 13. Nxd4 Qc4 14. Bxd3
Qxd3 15. Qb4 Qa6 16. Nb5 Nh6 17. Bxh6 Bxc5 18. Qf4 gxh6 19. a4 Be7 20. Qxh6 Kd7
21. Qg7 Rhf8 22. Qxh7 Rc4 23. Qg7 Rxa4 24. Rxa4 Qxa4 25. Nd6 Bxd6 26. exd6 Rb8
27. Qxf7+ Kxd6 28. Re1 Qe8 29. Qf4+ e5 30. Qb4+ Ke6 31. Qd4 Kd6 32. Qxa7 d4 33.
f4 Ra8 34. fxe5+ Kd5 35. Qxb7+ Kc4 36. Rc1+ Kd3 37. Qb3+ 1-0

[Event "Moscow Open 2007"]
[Site "Moscow"]
[Date "2007.02.03"]
[Round "8"]
[White "Airapetian, Tatevik"]
[Black "Idrisova, Roza"]
[Result "1-0"]
[WhiteElo "2245"]
[BlackElo "2109"]
[PlyCount "107"]
[EventDate "2007.??.??"]

1. e4 d5 2. exd5 Qxd5 3. Nc3 Qd6 4. d4 g6 5. Bc4 Bg7 6. Nf3 Nf6 7. O-O a6 8.
Ne5 O-O 9. Bf4 Qd8 10. Bb3 Nbd7 11. Qf3 c6 12. Rfe1 Nb6 13. Ne4 Nbd5 14. Ng5 h6
15. Ne4 Nxe4 16. Qxe4 Bf5 17. Qf3 Nxf4 18. Qxf4 e6 19. h3 g5 20. Qe3 Qd6 21.
Rad1 Rad8 22. c4 Qc7 23. c5 b5 24. cxb6 Qxb6 25. Qc3 c5 26. dxc5 Qc7 27. Qe3
Rxd1 28. Bxd1 Rd8 29. Bf3 f6 30. Nc6 Rd3 31. Qe2 e5 32. Be4 Bxe4 33. Qxe4 Rd2
34. b4 Qd7 35. Qc4+ Kh8 36. Qxa6 Qf5 37. Qa8+ Kh7 38. Qg8+ Kxg8 39. Ne7+ Kf7
40. Nxf5 Bf8 41. Rc1 Ke6 42. c6 Rd8 43. c7 Rc8 44. b5 Kxf5 45. b6 Bd6 46. Rc6
Bxc7 47. Rxc7 Rb8 48. Rc6 Rd8 49. a4 Rd1+ 50. Kh2 Rb1 51. a5 h5 52. a6 Ra1 53.
a7 Ra6 54. b7 1-0

[Event "Moscow Open 2007"]
[Site "Moscow"]
[Date "2007.02.03"]
[Round "8"]
[White "Ambartsumova, Karina"]
[Black "Aslanov, Sergei"]
[Result "0-1"]
[WhiteElo "2179"]
[BlackElo "2233"]
[PlyCount "84"]
[EventDate "2007.??.??"]

1. e4 c5 2. Nf3 d6 3. c3 Nf6 4. Be2 g6 5. O-O Bg7 6. Re1 O-O 7. Bf1 Nc6 8. h3
e5 9. d3 h6 10. Nbd2 b6 11. a3 a5 12. a4 d5 13. Qc2 Re8 14. exd5 Nxd5 15. Nc4
Qc7 16. Bd2 Bf5 17. Rad1 Rad8 18. Qc1 Kh7 19. Nh2 g5 20. Ne3 Bg6 21. Nxd5 Rxd5
22. d4 cxd4 23. cxd4 e4 24. Bb5 Rc8 25. Ba6 Rcd8 26. Bb5 Bxd4 27. Qxc6 Bxf2+
28. Kxf2 Qxh2 29. Qf6 Rxd2+ 30. Rxd2 Rxd2+ 31. Re2 Rxe2+ 32. Bxe2 Qc7 33. Qd4
Qc5 34. Ke3 f5 35. Qxc5 bxc5 36. Kd2 Bf7 37. Ke3 Bd5 38. Bh5 Kg7 39. Kd2 Kf6
40. Be2 f4 41. Bf1 h5 42. Be2 f3 0-1

[Event "Moscow Open 2007"]
[Site "Moscow"]
[Date "2007.02.03"]
[Round "8"]
[White "Novikov, Valeri"]
[Black "Popelyshev, Igor V"]
[Result "1-0"]
[WhiteElo "2212"]
[BlackElo "2106"]
[PlyCount "119"]
[EventDate "2007.??.??"]

1. e4 c5 2. Nc3 Nc6 3. g3 g6 4. Bg2 Bg7 5. d3 d6 6. Bg5 f6 7. Be3 e5 8. Qd2
Nge7 9. Bh6 O-O 10. Bxg7 Kxg7 11. Nge2 Be6 12. Nd5 b5 13. O-O Nd4 14. Rae1 Qd7
15. Nc1 Nxd5 16. exd5 Bh3 17. c3 Bxg2 18. Kxg2 Nf5 19. Ne2 h5 20. d4 Rad8 21.
b3 cxd4 22. cxd4 Qb7 23. dxe5 dxe5 24. Rd1 Ne7 25. Kg1 Rxd5 26. Qb4 Rfd8 27.
Rxd5 Nxd5 28. Qa5 Nc7 29. Rc1 Ne6 30. Qb4 Ng5 31. Kf1 Nf3 32. h4 Rd7 33. Ng1
Rd4 34. Qc3 Nd2+ 35. Ke1 Rd7 36. Qc6 Qxc6 37. Rxc6 Ne4 38. Ne2 Kf7 39. Nc3 Nxc3
40. Rxc3 Ke6 41. Rc8 b4 42. Re8+ Kf5 43. Rb8 Rd4 44. Rb7 g5 45. hxg5 fxg5 46.
Rxa7 h4 47. gxh4 gxh4 48. Ke2 Kg4 49. Rg7+ Kh3 50. f3 Kh2 51. Rg5 Rd5 52. f4
Ra5 53. fxe5 Rxa2+ 54. Kf3 Rb2 55. e6 Rxb3+ 56. Kf4 Rb1 57. Re5 Rf1+ 58. Kg4 h3
59. Re2+ Kh1 60. e7 1-0

[Event "Moscow Open 2007"]
[Site "Moscow"]
[Date "2007.02.03"]
[Round "8"]
[White "Rasstriguine, Andrei"]
[Black "Gunina, Valentina"]
[Result "0-1"]
[WhiteElo "2161"]
[BlackElo "2347"]
[PlyCount "88"]
[EventDate "2007.??.??"]

1. d4 d5 2. c4 c6 3. Nf3 Nf6 4. cxd5 cxd5 5. Nc3 Nc6 6. Bf4 Bf5 7. e3 a6 8. Be2
e6 9. O-O Bd6 10. Bxd6 Qxd6 11. Rc1 O-O 12. Nh4 Be4 13. f3 Bg6 14. Nxg6 hxg6
15. f4 Rac8 16. Bd3 Na5 17. Qe1 Nc4 18. b3 Na3 19. Na4 Nd7 20. Qd2 b5 21. Nb2
Nf6 22. h3 Ne4 23. Bxe4 dxe4 24. b4 Qd5 25. Rc5 Qxa2 26. Nc4 Qxd2 27. Nxd2 Rxc5
28. bxc5 a5 29. Nxe4 a4 30. Nc3 Ra8 31. Na2 Nc2 32. Rb1 Rb8 33. c6 Na3 34. Rc1
Nc4 35. Nb4 Kf8 36. Kf2 Ke7 37. Ke2 Kd6 38. e4 Ra8 39. e5+ Kc7 40. Kd3 a3 41.
Ra1 Ra4 42. Kc3 Ne3 43. Kb3 Rxb4+ 44. Kxb4 Nc2+ 0-1

[Event "Moscow Open 2007"]
[Site "Moscow"]
[Date "2007.02.03"]
[Round "8"]
[White "Demianjuk, Alexander"]
[Black "Ludanov, Nikolay"]
[Result "1-0"]
[WhiteElo "2342"]
[BlackElo "2147"]
[PlyCount "73"]
[EventDate "2007.??.??"]

1. e4 c5 2. Nf3 d6 3. d4 cxd4 4. Nxd4 Nf6 5. Nc3 a6 6. Be3 e5 7. Nb3 Be7 8. f3
Be6 9. Qd2 Nbd7 10. g4 Nb6 11. g5 Nfd7 12. O-O-O Qc7 13. h4 Nc4 14. Bxc4 Bxc4
15. Kb1 b5 16. f4 exf4 17. Bxf4 Ne5 18. Nd5 Bxd5 19. exd5 Nc4 20. Qg2 O-O 21.
h5 a5 22. Nd4 a4 23. Nc6 a3 24. b3 Ne5 25. g6 Nxc6 26. dxc6 Qa5 27. h6 fxg6 28.
Qd5+ Rf7 29. Bxd6 Bxd6 30. Rhf1 Raf8 31. Rxf7 Rxf7 32. Qxd6 Qc3 33. Qxa3 gxh6
34. Qd6 h5 35. Qe6 Kg7 36. Rd7 Rxd7 37. cxd7 1-0

[Event "Moscow Open 2007"]
[Site "Moscow"]
[Date "2007.02.03"]
[Round "8"]
[White "Cherenkov, Andrey"]
[Black "Gvilava, Maya"]
[Result "1-0"]
[WhiteElo "2206"]
[BlackElo "2098"]
[PlyCount "93"]
[EventDate "2007.??.??"]

1. e4 c5 2. Nc3 Nc6 3. g3 g6 4. Bg2 Bg7 5. d3 d6 6. Be3 e6 7. Qd2 Nd4 8. Nd1
Rb8 9. c3 Nc6 10. Ne2 b5 11. d4 c4 12. O-O a5 13. d5 Ne5 14. Bd4 Nf6 15. f4 Nd3
16. Nf2 e5 17. fxe5 dxe5 18. Be3 Nxf2 19. Bxf2 Qd6 20. h3 O-O 21. Be3 Nd7 22.
g4 Nc5 23. Ng3 Nd3 24. Rf3 Nf4 25. Raf1 g5 26. Qf2 Nd3 27. Qd2 Nf4 28. Qf2 Nd3
29. Qd2 Nf4 30. Nf5 Bxf5 31. gxf5 b4 32. Rc1 Nd3 33. Rc2 b3 34. axb3 cxb3 35.
Qxd3 bxc2 36. Qxc2 f6 37. c4 Qb4 38. c5 Qxb2 39. Rf2 Qb4 40. Rd2 a4 41. Bf1 a3
42. Bc4 Qb1+ 43. Qxb1 Rxb1+ 44. Kf2 Rb2 45. d6+ Kh8 46. d7 Rd8 47. c6 1-0

[Event "Moscow Open 2007"]
[Site "Moscow"]
[Date "2007.02.03"]
[Round "8"]
[White "Pluzhnik, Mikhail"]
[Black "Larina, Marija"]
[Result "1-0"]
[WhiteElo "2198"]
[BlackElo "2094"]
[PlyCount "111"]
[EventDate "2007.??.??"]

1. e4 c5 2. Nf3 Nc6 3. d4 cxd4 4. Nxd4 Nf6 5. Nc3 e5 6. Ndb5 d6 7. Bg5 a6 8.
Na3 b5 9. Bxf6 gxf6 10. Nd5 Bg7 11. Bd3 Ne7 12. Nxe7 Qxe7 13. c3 f5 14. Qh5
fxe4 15. Bxe4 Bb7 16. Qf3 Bxe4 17. Qxe4 O-O 18. O-O Rac8 19. Nc2 Rc4 20. Qd3 e4
21. Qd2 Rc5 22. Ne3 Rh5 23. f4 exf3 24. Rxf3 Be5 25. h3 Qg5 26. Qf2 f5 27. Rf1
f4 28. Nd5 Qh6 29. Nxf4 Rhf5 30. g3 Kh8 31. Kh2 Rg8 32. Qe3 Rfg5 33. Rg1 Rf5
34. Nd3 Qf6 35. Rxf5 Qxf5 36. Nxe5 dxe5 37. Re1 Rf8 38. Re2 e4 39. a3 Qf3 40.
Qxf3 exf3 41. Rf2 h5 42. g4 h4 43. Kg1 Kg7 44. Rd2 Kf6 45. Kf2 Ke5 46. Rd3 a5
47. Rxf3 Rd8 48. Rf5+ Ke4 49. Ke2 Rb8 50. Kd2 b4 51. axb4 axb4 52. cxb4 Rxb4
53. Kc3 Rd4 54. Rf4+ Kxf4 55. Kxd4 Kg3 56. g5 1-0

[Event "Moscow Open 2007"]
[Site "Moscow"]
[Date "2007.02.03"]
[Round "8"]
[White "Kassimski, Kiril"]
[Black "Kineva, Ekaterina"]
[Result "0-1"]
[WhiteElo "2088"]
[BlackElo "2190"]
[PlyCount "52"]
[EventDate "2007.??.??"]

1. d4 Nf6 2. c4 g6 3. Nc3 Bg7 4. e4 O-O 5. f4 d6 6. Nf3 Nbd7 7. Bd3 e5 8. fxe5
dxe5 9. d5 c6 10. O-O cxd5 11. cxd5 Ng4 12. Qe1 Nc5 13. Bc2 f5 14. Kh1 fxe4 15.
Bxe4 Nxe4 16. Qxe4 Bf5 17. Qb4 e4 18. Nxe4 Qxd5 19. Nc3 Qc6 20. Bg5 Rae8 21.
Nd4 Qc7 22. Bf4 Qd8 23. Bd6 Rf7 24. Nxf5 gxf5 25. Bf4 Qh4 26. Bg3 Nf2+ 0-1

[Event "Moscow Open 2007"]
[Site "Moscow"]
[Date "2007.02.03"]
[Round "8"]
[White "Bogumil, Tatiana"]
[Black "Gingold, Anton"]
[Result "1-0"]
[WhiteElo "2188"]
[BlackElo "2079"]
[PlyCount "117"]
[EventDate "2007.??.??"]

1. Nf3 d5 2. g3 c5 3. c4 d4 4. b4 cxb4 5. a3 bxa3 6. Bxa3 Nc6 7. d3 g6 8. Bg2
Bg7 9. O-O e5 10. Nbd2 Nge7 11. Ne4 O-O 12. Nd6 h6 13. Nd2 Kh7 14. Nxc8 Rxc8
15. Rb1 Rc7 16. Ne4 b6 17. Qa4 Qd7 18. Nd6 Na5 19. Qc2 f5 20. Qa2 Rf6 21. Nb5
Rc8 22. Bb4 Nec6 23. Bd2 Bf8 24. Bd5 Bc5 25. Na3 Qe7 26. Nc2 g5 27. f3 Rcf8 28.
Kg2 Kg7 29. Qa4 Qe8 30. Bxa5 Nxa5 31. Qxe8 Rxe8 32. Nb4 h5 33. Na6 Bd6 34. Rb5
Rd8 35. Rc1 Kh6 36. h3 Bf8 37. g4 fxg4 38. hxg4 h4 39. Be4 Rc8 40. Bf5 Rcc6 41.
Rcb1 Rcd6 42. Rxe5 Nb7 43. Nc7 Rf7 44. Re6+ Rxe6 45. Nxe6 Bc5 46. Be4 Re7 47.
Bd5 Bd6 48. Nxd4 Nc5 49. Nf5+ Kh7 50. Nxe7 Bxe7 51. d4 Nd7 52. c5 Nf6 53. cxb6
axb6 54. Be6 Bd8 55. Ra1 b5 56. Ra7+ Kg6 57. Rb7 b4 58. e4 b3 59. e5 1-0

[Event "Moscow Open 2007"]
[Site "Moscow"]
[Date "2007.02.03"]
[Round "8"]
[White "Davydenko, Andrey"]
[Black "Kreines, Mikhail"]
[Result "1-0"]
[WhiteElo "2167"]
[BlackElo "2088"]
[PlyCount "46"]
[EventDate "2007.??.??"]

1. e4 c5 2. Nf3 d6 3. d4 cxd4 4. Nxd4 Nf6 5. Nc3 a6 6. f3 e6 7. Be3 Nc6 8. Qd2
Be7 9. g4 Nxd4 10. Bxd4 b5 11. O-O-O Bb7 12. g5 Nh5 13. Rg1 Qc7 14. Kb1 b4 15.
Ne2 d5 16. f4 dxe4 17. Be5 Qc8 18. Nd4 O-O 19. Be2 g6 20. Bxh5 gxh5 21. Qe2 Rd8
22. Qxh5 Bf8 23. g6 h6 1-0

[Event "Moscow Open 2007"]
[Site "Moscow"]
[Date "2007.02.03"]
[Round "8"]
[White "Khropova, Larisa"]
[Black "Yuganova, Marina"]
[Result "1-0"]
[WhiteElo "2163"]
[BlackElo "1900"]
[PlyCount "63"]
[EventDate "2007.??.??"]

1. d4 Nf6 2. Nf3 e6 3. Bf4 b6 4. e3 Bb7 5. Bd3 d5 6. Nbd2 Bd6 7. Be5 Nbd7 8.
O-O O-O 9. h3 Ne4 10. c3 Bxe5 11. Nxe5 f6 12. Nxd7 Qxd7 13. Qc2 Nxd2 14. Qxd2
e5 15. f4 e4 16. Be2 f5 17. g4 Bc6 18. b3 Qe7 19. a4 Qh4 20. Rf2 Bd7 21. g5 h6
22. Rg2 hxg5 23. Rxg5 Qxh3 24. Rh5 Qg3+ 25. Kh1 Qg6 26. Rg1 Qf6 27. Qe1 Kf7 28.
Rhg5 Rh8+ 29. Kg2 Rh7 30. Bh5+ Ke7 31. Rg6 Qf8 32. Qh4+ 1-0

[Event "Moscow Open 2007"]
[Site "Moscow"]
[Date "2007.02.03"]
[Round "8"]
[White "Ovsiannikov, Maxim"]
[Black "Morev, Ivan"]
[Result "0-1"]
[WhiteElo "2058"]
[BlackElo "2178"]
[PlyCount "54"]
[EventDate "2007.??.??"]

1. c4 Nf6 2. Nc3 g6 3. e4 d6 4. g3 Bg7 5. Bg2 O-O 6. Nge2 c5 7. O-O Nc6 8. d3
Ne8 9. f4 Bd7 10. Rb1 Qc8 11. a3 a5 12. Nd5 Ra6 13. b4 axb4 14. axb4 cxb4 15.
Be3 Nf6 16. Nb6 Qd8 17. Nxd7 Qxd7 18. h3 e5 19. d4 exd4 20. Nxd4 Re8 21. Nxc6
bxc6 22. e5 Qe7 23. Rxb4 dxe5 24. Qb3 exf4 25. Bxf4 g5 26. Bd2 g4 27. Rb8 Qa7+
0-1

[Event "Moscow Open 2007"]
[Site "Moscow"]
[Date "2007.02.03"]
[Round "8"]
[White "Prudnikova, Ekaterina"]
[Black "Elfert, Aleksandr V"]
[Result "0-1"]
[WhiteElo "2169"]
[BlackElo "2114"]
[PlyCount "96"]
[EventDate "2007.??.??"]

1. e4 c5 2. Nf3 d6 3. Bb5+ Nc6 4. d4 cxd4 5. Qxd4 Bd7 6. Bxc6 bxc6 7. Nc3 Qb6
8. Qd3 g6 9. O-O Bg7 10. Nd1 a5 11. Be3 c5 12. c4 Bc6 13. Rb1 Qb7 14. Nd2 Nf6
15. f3 Nd7 16. Nc3 O-O 17. Rfe1 Kh8 18. Bg5 Ne5 19. Qe2 h6 20. Bh4 g5 21. Bg3
Ng6 22. Nf1 Bd4+ 23. Bf2 Nf4 24. Qc2 f5 25. exf5 Bxf3 26. Bxd4+ cxd4 27. Nd5
Bxd5 28. cxd5 Qxd5 29. Rxe7 Rac8 30. Qd2 d3 31. Ne3 Qa8 32. b4 axb4 33. Qb2+
Rc3 34. Qxb4 Ne2+ 35. Kh1 Qc6 36. Rd1 Rc1 37. Qb3 Rxd1+ 38. Qxd1 Qc3 39. Re6
Ra8 40. Rxh6+ Kg7 41. Rg6+ Kf7 42. Qb1 Rb8 43. Qf1 Qd4 44. Re6 Qf4 45. Rf6+ Kg7
46. Rg6+ Kh7 47. g3 Qe4+ 48. Ng2 d2 0-1

[Event "Moscow Open 2007"]
[Site "Moscow"]
[Date "2007.02.03"]
[Round "8"]
[White "Bukhteeva, Viktoria"]
[Black "Medvedev, Nikolai"]
[Result "1/2-1/2"]
[WhiteElo "2109"]
[BlackElo "2012"]
[PlyCount "97"]
[EventDate "2007.??.??"]

1. e4 c5 2. Nf3 d6 3. Bb5+ Bd7 4. Bxd7+ Qxd7 5. O-O g6 6. c3 Bg7 7. d4 cxd4 8.
cxd4 Nc6 9. Nc3 Nf6 10. h3 O-O 11. Be3 d5 12. Ne5 Qd8 13. Nxc6 bxc6 14. e5 Nd7
15. Na4 Qb8 16. Rc1 Rc8 17. Rc3 e6 18. Qc2 c5 19. Rb3 Qc7 20. Rc1 c4 21. Rc3
Bf8 22. Bg5 Qa5 23. Rg3 Nb6 24. Nc3 Rab8 25. Qd2 Na4 26. Qf4 Rb7 27. Nd1 Nxb2
28. Nxb2 Qxa2 29. Nd1 Rcc7 30. Nc3 Qa6 31. Re3 Qc6 32. Ree1 Rb3 33. Qd2 a5 34.
Ra1 Bb4 35. Bf6 Qe8 36. Re3 a4 37. Qc2 Ra7 38. Na2 Bf8 39. Nc1 Rxe3 40. fxe3
Qb5 41. Rb1 Qa5 42. Bh4 a3 43. Na2 Ra8 44. Be1 Qd8 45. Nb4 Bxb4 46. Bxb4 a2 47.
Ra1 Qb6 48. Qd2 Qb5 49. Bc3 1/2-1/2